Morfologické a fyziologické zmeny v &-lt;i&-gt;Aspergillus&-lt;/i&-gt; po ošetrení plazmou

Na minha lista:
Detalhes bibliográficos
Autor principal: Sepeši, Matej (Author)
Outros Autores: Kaliňáková, Barbora (Thesis advisor)
Formato: Manuscrito Livro
Idioma:eslovaco
Publicado em: 2018
Assuntos:
Acesso em linha:http://is.stuba.sk/zp/portal_zp.pl?podrobnosti=136391
Tags: Adicionar Tag
Sem tags, seja o primeiro a adicionar uma tag!

MARC

LEADER 00000ntm a22000003a 4500
001 stuzp70014
003 SK-STU
005 20180602211603.2
007 ta
008 150427s2015----xo-----f-mn---000-0-slo-d
040 |a STU  |b slo 
041 0 |a slo 
100 1 |a Sepeši, Matej  |u 043000  |4 aut  |U FCHPT Fakulta chemickej a potravinárskej technológie  |T FCHPT Ústav biochémie a mikrobiológie  |X 70748  |U C3000  |Y 101  |7 70748 
242 0 1 |a Morphological and Physiological Changes in Aspergillus after Cold Atmospheric-Pressure Air Plasma Treatment  |y eng 
245 1 0 |a Morfologické a fyziologické zmeny v &-lt;i&-gt;Aspergillus&-lt;/i&-gt; po ošetrení plazmou 
260 |c 2018 
650 4 |a aflatoxíny  |2 slo 
650 4 |a SEM  |2 slo 
650 4 |a viabilita  |2 slo 
650 4 |a NTP  |2 slo 
650 4 |a FTIR  |2 slo 
650 4 |a skleróciá  |2 slo 
650 4 |a aflatoxins  |2 eng 
650 4 |a FTIR  |2 eng 
650 4 |a low-temperature plasma  |2 eng 
650 4 |a SEM  |2 eng 
650 4 |a sklerotia  |2 eng 
650 4 |a viability  |2 eng 
700 1 |a Kaliňáková, Barbora  |u 043000  |k Z2  |4 ths  |U FCHPT Fakulta chemickej a potravinárskej technológie  |T FCHPT Ústav biochémie a mikrobiológie  |X 38072  |U C3000  |Y 101  |7 A000038072 
856 4 |u http://is.stuba.sk/zp/portal_zp.pl?podrobnosti=136391